000 00474nam a2200157Ia 4500
008 191206s9999 xx 000 0 und d
020 _a9781604138207 (hc)
090 _aPS35.19A6
245 0 _aF. Scott Fitzgerald's The great Gatsby
250 _aNew ed.
260 _aBloom's Literary Criticism
260 _bBloom's modern critical interpretations
260 _ccc2010
300 _a"vii, 182 p. ; 25 cm."
999 _c15945
_d15945